Vicente rocafuerte, humanitario ecuatoriano /

Guardat en:
Dades bibliogràfiques
Autor principal: Mecum, Kent B.
Format: Text
Etiquetes: Afegir etiqueta
Sense etiquetes, Sigues el primer a etiquetar aquest registre!

MARC

LEADER 00000 a a2200000 04500
001 40595
003
040
100 |a Mecum, Kent B.  
245 |a Vicente rocafuerte, humanitario ecuatoriano /  |c Kent B. Mecum  
773 |g volumen2, (XI Congreso Latinoamericano de Sociología ), [páginas 45-94]  
999 |c 22707  |d 22707